|
|
|
|
| LEADER |
00833nam a2200265 4500 |
| 001 |
DLU090068098 |
| 005 |
##20090420 |
| 040 |
# |
# |
|a DLU
|b vie
|
| 041 |
# |
# |
|a vie
|
| 044 |
# |
# |
|a vn
|
| 100 |
# |
# |
|a Thành Duy.
|
| 245 |
# |
# |
|a Về vấn đề phản ánh hiện thực sản xuất lớn xã hội chủ nghĩa /
|c Thành Duy.
|
| 653 |
# |
# |
|a Con người mới xã hội chủ nghĩa
|
| 653 |
# |
# |
|a Lực lượng sản xuất
|
| 653 |
# |
# |
|a Văn học hiện thực xã hội chủ nghĩa
|
| 773 |
# |
# |
|t Tạp chí văn học
|g Số3, 1978, tr. 1-11,20
|
| 920 |
# |
# |
|a Phòng Tạp chí -- Trung tâm Thông tin - Thư viện Trường Đại học Đà Lạt
|
| 994 |
# |
# |
|a DLU
|
| 900 |
# |
# |
|a True
|
| 911 |
# |
# |
|a Nguyễn Thị Linh Chi
|
| 925 |
# |
# |
|a G
|
| 926 |
# |
# |
|a A
|
| 927 |
# |
# |
|a BB
|
| 980 |
# |
# |
|a Thư viện Trường Đại học Đà Lạt
|